<?xml version="1.0" encoding="UTF-8"?>
<record
    xmlns:xsi="http://www.w3.org/2001/XMLSchema-instance"
    xsi:schemaLocation="http://www.loc.gov/MARC21/slim http://www.loc.gov/standards/marcxml/schema/MARC21slim.xsd"
    xmlns="http://www.loc.gov/MARC21/slim">

  <leader>00654nam a22001697a 4500</leader>
  <controlfield tag="008">120206t        xxu||||| |||| 00| 0 eng d</controlfield>
  <datafield tag="020" ind1=" " ind2=" ">
    <subfield code="a">0030245745</subfield>
  </datafield>
  <datafield tag="050" ind1=" " ind2=" ">
    <subfield code="a">HD62.4.H65</subfield>
  </datafield>
  <datafield tag="100" ind1=" " ind2=" ">
    <subfield code="a">Holt, David H.</subfield>
  </datafield>
  <datafield tag="245" ind1=" " ind2=" ">
    <subfield code="a">International management: text and cases /</subfield>
    <subfield code="c">David H. Holt</subfield>
  </datafield>
  <datafield tag="260" ind1=" " ind2=" ">
    <subfield code="a">Toronto:</subfield>
    <subfield code="b">Dryden Press,</subfield>
    <subfield code="c">c1998.</subfield>
  </datafield>
  <datafield tag="300" ind1=" " ind2=" ">
    <subfield code="a">844 p.:</subfield>
    <subfield code="b">ill.</subfield>
    <subfield code="c">26cm.</subfield>
  </datafield>
  <datafield tag="500" ind1=" " ind2=" ">
    <subfield code="a">Includes index.</subfield>
  </datafield>
  <datafield tag="505" ind1=" " ind2=" ">
    <subfield code="a">Contents: The Global imperative -- Strategy and global organization -- Spanning borders for cross-cultural management -- Human resources in the global context -- Managing people: The Leadership dimension.</subfield>
  </datafield>
  <datafield tag="650" ind1=" " ind2=" ">
    <subfield code="a">Management.</subfield>
  </datafield>
  <datafield tag="942" ind1=" " ind2=" ">
    <subfield code="2">lcc</subfield>
    <subfield code="c">BK</subfield>
  </datafield>
  <datafield tag="999" ind1=" " ind2=" ">
    <subfield code="c">599</subfield>
    <subfield code="d">8099</subfield>
  </datafield>
  <datafield tag="952" ind1=" " ind2=" ">
    <subfield code="0">0</subfield>
    <subfield code="1">0</subfield>
    <subfield code="2">lcc</subfield>
    <subfield code="4">0</subfield>
    <subfield code="7">0</subfield>
    <subfield code="a">WIUC-1</subfield>
    <subfield code="b">WIUC-1</subfield>
    <subfield code="c">GEN</subfield>
    <subfield code="d">2012-02-06</subfield>
    <subfield code="l">0</subfield>
    <subfield code="o">HD62.4.H65</subfield>
    <subfield code="p">1551/12</subfield>
    <subfield code="r">2012-02-06 00:00:00</subfield>
    <subfield code="t">1</subfield>
    <subfield code="w">2012-02-06</subfield>
    <subfield code="y">BK</subfield>
  </datafield>
  <datafield tag="952" ind1=" " ind2=" ">
    <subfield code="0">0</subfield>
    <subfield code="1">0</subfield>
    <subfield code="2">lcc</subfield>
    <subfield code="4">0</subfield>
    <subfield code="7">0</subfield>
    <subfield code="a">WIUC-1</subfield>
    <subfield code="b">WIUC-1</subfield>
    <subfield code="c">GEN</subfield>
    <subfield code="d">2012-02-06</subfield>
    <subfield code="l">0</subfield>
    <subfield code="o">HD62.4.H651</subfield>
    <subfield code="p">1552/12</subfield>
    <subfield code="r">2012-02-06 00:00:00</subfield>
    <subfield code="t">2</subfield>
    <subfield code="w">2012-02-06</subfield>
    <subfield code="y">BK</subfield>
  </datafield>
  <datafield tag="952" ind1=" " ind2=" ">
    <subfield code="0">0</subfield>
    <subfield code="1">0</subfield>
    <subfield code="2">lcc</subfield>
    <subfield code="4">0</subfield>
    <subfield code="7">0</subfield>
    <subfield code="a">WIUC-1</subfield>
    <subfield code="b">WIUC-1</subfield>
    <subfield code="c">GEN</subfield>
    <subfield code="d">2012-02-06</subfield>
    <subfield code="l">0</subfield>
    <subfield code="o">HD62.4.H652</subfield>
    <subfield code="p">1553/12</subfield>
    <subfield code="r">2012-02-06 00:00:00</subfield>
    <subfield code="t">3</subfield>
    <subfield code="w">2012-02-06</subfield>
    <subfield code="y">BK</subfield>
  </datafield>
  <datafield tag="952" ind1=" " ind2=" ">
    <subfield code="0">0</subfield>
    <subfield code="1">0</subfield>
    <subfield code="2">lcc</subfield>
    <subfield code="4">0</subfield>
    <subfield code="7">0</subfield>
    <subfield code="a">WIUC-1</subfield>
    <subfield code="b">WIUC-1</subfield>
    <subfield code="c">GEN</subfield>
    <subfield code="d">2012-02-06</subfield>
    <subfield code="l">0</subfield>
    <subfield code="o">HD62.4.H653</subfield>
    <subfield code="p">1554/12</subfield>
    <subfield code="r">2012-02-06 00:00:00</subfield>
    <subfield code="t">4</subfield>
    <subfield code="w">2012-02-06</subfield>
    <subfield code="y">BK</subfield>
  </datafield>
  <datafield tag="952" ind1=" " ind2=" ">
    <subfield code="0">0</subfield>
    <subfield code="1">0</subfield>
    <subfield code="2">lcc</subfield>
    <subfield code="4">0</subfield>
    <subfield code="7">0</subfield>
    <subfield code="a">WIUC-1</subfield>
    <subfield code="b">WIUC-1</subfield>
    <subfield code="c">GEN</subfield>
    <subfield code="d">2012-02-06</subfield>
    <subfield code="l">0</subfield>
    <subfield code="o">HD62.4.H654</subfield>
    <subfield code="p">1555/12</subfield>
    <subfield code="r">2012-02-06 00:00:00</subfield>
    <subfield code="t">5</subfield>
    <subfield code="w">2012-02-06</subfield>
    <subfield code="y">BK</subfield>
  </datafield>
  <datafield tag="952" ind1=" " ind2=" ">
    <subfield code="0">0</subfield>
    <subfield code="1">0</subfield>
    <subfield code="2">lcc</subfield>
    <subfield code="4">0</subfield>
    <subfield code="7">0</subfield>
    <subfield code="a">WIUC-1</subfield>
    <subfield code="b">WIUC-1</subfield>
    <subfield code="c">GEN</subfield>
    <subfield code="d">2012-02-06</subfield>
    <subfield code="l">0</subfield>
    <subfield code="o">HD62.4.H655</subfield>
    <subfield code="p">1556/12</subfield>
    <subfield code="r">2012-02-06 00:00:00</subfield>
    <subfield code="t">6</subfield>
    <subfield code="w">2012-02-06</subfield>
    <subfield code="y">BK</subfield>
  </datafield>
  <datafield tag="952" ind1=" " ind2=" ">
    <subfield code="0">0</subfield>
    <subfield code="1">0</subfield>
    <subfield code="2">lcc</subfield>
    <subfield code="4">0</subfield>
    <subfield code="7">0</subfield>
    <subfield code="a">WIUC-1</subfield>
    <subfield code="b">WIUC-1</subfield>
    <subfield code="c">GEN</subfield>
    <subfield code="d">2012-02-06</subfield>
    <subfield code="l">0</subfield>
    <subfield code="o">HD62.4.H656</subfield>
    <subfield code="p">1557/12</subfield>
    <subfield code="r">2012-02-06 00:00:00</subfield>
    <subfield code="t">7</subfield>
    <subfield code="w">2012-02-06</subfield>
    <subfield code="y">BK</subfield>
  </datafield>
  <datafield tag="952" ind1=" " ind2=" ">
    <subfield code="0">0</subfield>
    <subfield code="1">0</subfield>
    <subfield code="2">lcc</subfield>
    <subfield code="4">0</subfield>
    <subfield code="7">0</subfield>
    <subfield code="a">WIUC-1</subfield>
    <subfield code="b">WIUC-1</subfield>
    <subfield code="c">GEN</subfield>
    <subfield code="d">2012-02-06</subfield>
    <subfield code="l">0</subfield>
    <subfield code="o">HD62.4.H657</subfield>
    <subfield code="p">1558/12</subfield>
    <subfield code="r">2012-02-06 00:00:00</subfield>
    <subfield code="t">8</subfield>
    <subfield code="w">2012-02-06</subfield>
    <subfield code="y">BK</subfield>
  </datafield>
</record>
